<?xml version="1.0" encoding="UTF-8"?><?xml-stylesheet type="text/xsl" href="static/style.xsl"?><OAI-PMH xmlns="http://www.openarchives.org/OAI/2.0/" xmlns:xsi="http://www.w3.org/2001/XMLSchema-instance" xsi:schemaLocation="http://www.openarchives.org/OAI/2.0/ http://www.openarchives.org/OAI/2.0/OAI-PMH.xsd"><responseDate>2026-04-13T04:03:23Z</responseDate><request verb="GetRecord" identifier="oai:www.recercat.cat:10256/14199" metadataPrefix="marc">https://recercat.cat/oai/request</request><GetRecord><record><header><identifier>oai:recercat.cat:10256/14199</identifier><datestamp>2024-06-14T09:27:00Z</datestamp><setSpec>com_2072_452955</setSpec><setSpec>com_2072_2054</setSpec><setSpec>col_2072_453062</setSpec></header><metadata><record xmlns="http://www.loc.gov/MARC21/slim" xmlns:dcterms="http://purl.org/dc/terms/" xmlns:xsi="http://www.w3.org/2001/XMLSchema-instance" xmlns:doc="http://www.lyncode.com/xoai" xsi:schemaLocation="http://www.loc.gov/MARC21/slim http://www.loc.gov/standards/marcxml/schema/MARC21slim.xsd">
   <leader>00925njm 22002777a 4500</leader>
   <datafield ind2=" " ind1=" " tag="042">
      <subfield code="a">dc</subfield>
   </datafield>
   <datafield ind2=" " ind1=" " tag="720">
      <subfield code="a">Gispert Folch, Juan Ramón</subfield>
      <subfield code="e">author</subfield>
   </datafield>
   <datafield ind2=" " ind1=" " tag="720">
      <subfield code="a">Ramírez de Cartagena Bisbe, Francisco</subfield>
      <subfield code="e">author</subfield>
   </datafield>
   <datafield ind2=" " ind1=" " tag="720">
      <subfield code="a">Villar Mir, Josep Maria</subfield>
      <subfield code="e">author</subfield>
   </datafield>
   <datafield ind2=" " ind1=" " tag="720">
      <subfield code="a">Rufat i Lamarca, Josep</subfield>
      <subfield code="e">author</subfield>
   </datafield>
   <datafield ind2=" " ind1=" " tag="720">
      <subfield code="a">Batlle Caravaca, Ignasi</subfield>
      <subfield code="e">author</subfield>
   </datafield>
   <datafield ind2=" " ind1=" " tag="260">
      <subfield code="c">2017-03-01</subfield>
   </datafield>
   <datafield ind2=" " ind1=" " tag="520">
      <subfield code="a">Field experiments were conducted during three consecutive years to determine the effect of the number of drippers per plant and irrigation frequency on the production, quality and water productivity parameters in ten year old apple trees, cv ‘Golden Delicious’ on rootstock EM9, grown in an intensive system with high-density planting in an alluvial soil of north-eastern Spain. The experiment consisted in applying the same dose of water, determined according the irrigation water needs, through three different agronomic designs (1, 2 and 3 8 Lh-1 pressure-compensating drippers per tree), maintaining a constant irrigation time and varying the irrigation frequency (3, 6 and 9 days on average). No differences were observed among the three treatments for any of the variables analyzed (P&lt;0.05), except for starch index. The lack of differences in production parameters between treatments, can probably be attributed in part to the standardization of the hydric pattern eventually developed in the three designs, due to the same water amount of water applied and also because the formation of a strip of continuous moisture along the crop row caused by the proximity between drippers. In the test conditions, the agronomic design with 1 dripper per tree and 3 days frequency achieved similar yields to those obtained with 2 or 3 drippers and lower irrigation frequencies, thus reducing installation costs</subfield>
   </datafield>
   <datafield ind2=" " ind1=" " tag="520">
      <subfield code="a">Se realizó durante tres años consecutivos un ensayo para determinar el efecto del número de emisores&#xd;
por planta y el intervalo de riego sobre los parámetros de producción, calidad y productividad del agua&#xd;
en manzanos de diez años, cv ‘Golden Delicious’ sobre portainjerto EM9, cultivados en sistema intensivo&#xd;
en un suelo aluvial del noreste de España. El experimento consistió en aplicar la misma dosis de agua,&#xd;
determinada de acuerdo con las necesidades de riego, a través de tres diseños agronómicos distintos&#xd;
(1, 2 y 3 goteros autocompensantes de 8 Lh-1 por árbol, separados 1, 0,8 y 0,4 m, respectivamente), manteniendo&#xd;
el tiempo de riego constante y variando la frecuencia de riego en cada diseño (3, 6 y 9 días&#xd;
de media, respectivamente). No se observó ninguna diferencia entre los tres diseños para ninguna de&#xd;
las variables analizadas (P&lt;0,05), excepto el índice de almidón. La falta de diferencias en los parámetros&#xd;
de producción entre tratamientos puede atribuirse en parte a la semejanza del patrón hídrico que finalmente&#xd;
se desarrolló en los distintos diseños, como consecuencia del idéntico volumen de agua aplicado&#xd;
y de la franja de humedad continua que se formó en la hilera del cultivo, debido a la proximidad&#xd;
entre goteros. En las condiciones del ensayo, el diseño agronómico con 1 emisor por árbol y frecuencia&#xd;
de riego 3 días permitió alcanzar producciones similares a las obtenidas con 2 o 3 emisores y frecuencias&#xd;
de riego menores, con ahorro en el coste económico de la instalación</subfield>
   </datafield>
   <datafield ind1="8" ind2=" " tag="024">
      <subfield code="a">http://hdl.handle.net/10256/14199</subfield>
   </datafield>
   <datafield tag="653" ind2=" " ind1=" ">
      <subfield code="a">Regatge per degoteig</subfield>
   </datafield>
   <datafield tag="653" ind2=" " ind1=" ">
      <subfield code="a">Trickle irrigation</subfield>
   </datafield>
   <datafield tag="653" ind2=" " ind1=" ">
      <subfield code="a">Aigua de regatge</subfield>
   </datafield>
   <datafield tag="653" ind2=" " ind1=" ">
      <subfield code="a">Irrigation water</subfield>
   </datafield>
   <datafield ind2="0" ind1="0" tag="245">
      <subfield code="a">Efecto del número de goteros y la frecuencia de riego sobre&#xd;
la producción, calidad del fruto y productividad del agua&#xd;
en una plantación de alta densidad de manzanos = Effect of the number of drippers and irrigation frequency on production, fruit quality and water productivity in a high-density apple orchard</subfield>
   </datafield>
</record></metadata></record></GetRecord></OAI-PMH>